[Event "London Classic U1825 op 10th"]
[Site "London"]
[Date "2018.12.16"]
[Round "4"]
[White "McAleenan, Charles T"]
[Black "Jones, Huw"]
[Result "1/2-1/2"]
[WhiteElo "1755"]
[BlackElo "1610"]
[PlyCount "30"]
[EventDate "2018.12.14"]
[EventType "swiss"]
[EventRounds "5"]
[EventCountry "ENG"]
[SourceTitle "CBM 187 Extra"]
[Source "ChessBase"]
[SourceDate "2018.11.04"]
[SourceVersion "1"]
[SourceVersionDate "2018.11.04"]
[SourceQuality "1"]

1. d4 Nf6 2. Bg5 e6 3. e4 d5 4. e5 h6 5. exf6 hxg5 6. fxg7 Bxg7 7. Bd3 Nc6 8. c3 Qd6 9. Na3 a6 10. g3 e5 11. dxe5 Nxe5 12. Be2 Be6 13. Qa4+ Bd7 14. Bb5 c6 15. Be2 c5 1/2-1/2

[Event "London Classic U1825 op 10th"]
[Site "London"]
[Date "2018.12.15"]
[Round "2"]
[White "Homer, Neil S"]
[Black "Jones, Huw"]
[Result "1/2-1/2"]
[WhiteElo "1737"]
[BlackElo "1610"]
[PlyCount "90"]
[EventDate "2018.12.14"]
[EventType "swiss"]
[EventRounds "5"]
[EventCountry "ENG"]
[SourceTitle "CBM 187 Extra"]
[Source "ChessBase"]
[SourceDate "2018.11.04"]
[SourceVersion "1"]
[SourceVersionDate "2018.11.04"]
[SourceQuality "1"]

1. Nf3 c5 2. c4 Nf6 3. d4 cxd4 4. Nxd4 e5 5. Nb5 d5 6. cxd5 Bc5 7. e3 0-0 8. Bc4 a6 9. N5c3 e4 10. Nd2 Bf5 11. Nb3 Bd6 12. Nd4 Bg6 13. h3 Nbd7 14. 0-0 Ne5 15. Be2 Re8 16. f4 exf3 17. Nxf3 Nxf3+ 18. Bxf3 Qe7 19. Ne2 Rac8 20. Bd2 Ne4 21. Bxe4 Bxe4 22. Rf2 Bxd5 23. Nf4 Bc6 24. Qg4 Bd7 25. Qf3 Bc6 26. Qg3 Be5 27. Raf1 Bb5 28. Rc1 Rxc1+ 29. Bxc1 Qc5 30. Bd2 Qd6 31. Bc3 Bxc3 32. bxc3 Bc6 33. Rf1 Qe5 34. Rd1 Qxe3+ 35. Qxe3 Rxe3 36. Rd8+ Re8 37. Rxe8+ Bxe8 38. Ne2 Kf8 39. Kf2 Ke7 40. g3 g6 41. h4 h5 42. Nd4 Bc6 43. Ke3 Kd6 44. Kd3 Kc5 45. Nb3+ Kd6 1/2-1/2

[Event "Dyfed op"]
[Site "Fishguard"]
[Date "2017.02.26"]
[Round "4"]
[White "Probert, Malcolm"]
[Black "Jones, Huw"]
[Result "1/2-1/2"]
[WhiteElo "1598"]
[BlackElo "1707"]
[PlyCount "31"]
[EventDate "2017.02.24"]
[EventType "swiss"]
[EventRounds "5"]
[EventCountry "WLS"]
[SourceTitle "EXT 2019"]
[Source "ChessBase"]
[SourceDate "2018.10.10"]
[SourceVersion "1"]
[SourceVersionDate "2018.10.10"]
[SourceQuality "1"]

1. Nf3 d5 2. g3 Nf6 3. Bg2 e6 4. 0-0 c6 5. d4 Be7 6. c4 dxc4 7. Ne5 0-0 8. Nxc4 Nbd7 9. Nc3 Nb6 10. Ne5 Nbd5 11. e4 Nxc3 12. bxc3 Qa5 13. Qc2 Rd8 14. Rd1 Bd7 15. Rb1 Qc7 16. Bf4 1/2-1/2

[Event "Dyfed op"]
[Site "Fishguard"]
[Date "2017.02.24"]
[Round "1"]
[White "Jones, Huw"]
[Black "Rodriguez, Juan Talavera"]
[Result "0-1"]
[WhiteElo "1707"]
[BlackElo "2007"]
[PlyCount "68"]
[EventDate "2017.02.24"]
[EventType "swiss"]
[EventRounds "5"]
[EventCountry "WLS"]
[SourceTitle "EXT 2019"]
[Source "ChessBase"]
[SourceDate "2018.10.10"]
[SourceVersion "1"]
[SourceVersionDate "2018.10.10"]
[SourceQuality "1"]

1. d4 Nf6 2. Bg5 Ne4 3. Bf4 c5 4. d5 d6 5. f3 Nf6 6. e4 g6 7. Qd2 Bg7 8. Nc3 Qb6 9. Bb5+ Bd7 10. Bxd7+ Nbxd7 11. Nge2 h6 12. Ng3 Qa6 13. Qe2 Qxe2+ 14. Ngxe2 Nh5 15. Bd2 Ne5 16. f4 Nc4 17. g4 Nf6 18. h3 Nxd2 19. Kxd2 Nd7 20. a4 Rb8 21. Ra2 g5 22. Rf1 h5 23. fxg5 hxg4 24. hxg4 Ne5 25. Nf4 Rh2+ 26. Nce2 Nxg4 27. c3 Kd7 28. Raa1 Rbh8 29. Rae1 R8h4 30. Kc1 Nf2 31. Kb1 Nxe4 32. Kc1 Nxg5 33. Ng3 Be5 34. Nf5 Rxf4 0-1